Slovakia Country Quiz - Statistics

General Stats
  • This quiz has been taken 11 times
    5 since last reset
  • The average score is 10 of 17
Answer Stats
Hint Answer % Correct
Borders Austria
100%
Main Ally Czech Republic
100%
Borders Czech Republic
100%
Independent Since 1993
67%
Number of Kraje (states) 8
67%
Capital Bratislava
67%
Former Part of Czechoslovakia
67%
Currency Euro
67%
Borders Hungary
67%
Current Leader Peter Pellegrini
67%
Borders Poland
67%
Main Language Slovak
67%
Borders Ukraine
67%
Main Export Cars
33%
Global Firepower Rating (out of 145) 71
0%
Main Religion Catholicism
0%
Form of Government Parliamentary republic
0%
No matching quizzes found
Score Distribution
Percent of People with Each Score
Percentile by Number Answered
Your Score History
You have not taken this quiz since the last reset